La cooperacion internacional entre los paises del tercer mundo /

שמור ב:
מידע ביבליוגרפי
מחבר ראשי: Domínguez, Hilda Eunice
פורמט: Texto
תגים: הוספת תג
אין תגיות, היה/י הראשונ/ה לתייג את הרשומה!

MARC

LEADER 00000 a a2200000 04500
001 45345
003
040
090 |a REV0780 (18)1986  
100 |a Domínguez, Hilda Eunice  
245 |a La cooperacion internacional entre los paises del tercer mundo /  |c Hilda Eunice Dominguez  
773 |g número18, III Epoca, (enero - junio , 1986), páginas 65-71  
999 |c 38877  |d 38877